| 000 | 01176nam a2200241Ia 4500 | ||
|---|---|---|---|
| 999 |
_c53483 _d53483 |
||
| 001 | 20529 | ||
| 003 | GE_BSU | ||
| 005 | 20210108212410.0 | ||
| 008 | 181216s1971||||ge |||||||||||||| ||geo|| | ||
| 040 | _cGE_BSU | ||
| 041 | _ageo | ||
| 080 | _a811.353.1-84(075.3=161.1) მ-93 | ||
| 100 |
_aმუშკუდიანი, ვალერიან _910009 |
||
| 245 |
_aქართული ენა : _bსახელმძღვ. საქ. სსრ რუსული სკოლის V კლასისათვის / _cვალერიან მუშკუდიანი ; რედ. მ.ღვინიაშვილი. |
||
| 250 | _a33-ე გამოცემა | ||
| 264 |
_aთბილისი : _bგანათლება, _c1971. |
||
| 300 |
_a103გვ. : _b ილ. ; _c21 სმ. |
||
| 541 | _h22 თ. | ||
| 653 | _aსახელმძღვანელო საქართველოს სსრ რუსული სკოლის V კლასისათვის | ||
| 653 | _aქართული ენა | ||
| 700 |
_aღვინიაშვილი, მ. _eრედაქტორი _99541 |
||
| 942 |
_cBK _2udc |
||